| 000 | 00527nam a2200181 i 4500 | ||
|---|---|---|---|
| 001 | 45386 | ||
| 003 | ES-MaACL | ||
| 007 | t| | ||
| 008 | 030325s1965 sp ||||1| spa d | ||
| 100 | 1 |
_aColorado, Alfredo. _939889 |
|
| 245 | 1 | 4 |
_aLos consejos evangélicos a la luz de la teología actual / _cAlfredo Colorado. |
| 260 |
_aSalamanca : _bSígueme, _c1965. |
||
| 300 |
_a481 p. ; _c22 cm. |
||
| 490 | 1 |
_aLux Mundi ; _v13 |
|
| 830 | 0 |
_aLux Mundi ; _v13 _9182650 |
|
| 852 |
_aES-MaACL _jE-693 _bR.56680 |
||
| 999 |
_c45386 _d45386 |
||